000 00654nam a22001577a 4500
999 _c61453
_d61453
005 20240315101116.0
008 240315s1984 ru ||||| |||| 00| 0 rus d
041 _arus
080 _a745(479.22)+902.6(479.22) У-68
100 _aУрушадзе, Н.Е.
_921434
245 _aБронзовая летопись древней Грузии /
_cНина Евгеньевна Урушадзе.
264 _aТбилиси :
_bХеловнеба,
_c1984.
300 _a119 с. :
_bил. ;
_c25 см.
653 _aქართული დეკორატიულ-გამოყენებითი ხელოვნება.
942 _2udc
_cBK